Statistics for NFL's All-Time Winningest QB's

Click here to take the quiz!

General Stats

  • This quiz has been taken 58 times
  • The average score is 13 of 20

Answer Stats

HintAnswer% Correct
243-73-0 playing for the Patriots & Buccaneers from 2000-present: winning% .769Tom Brady
100%
186-79-0 playing for the Colts & Broncos from 1998-2015: winning% .702Peyton Manning
94%
165-81-1 playing for the Steelers from 2004-2021: winning% .670Ben Roethlisberger
91%
139-66-1 playing for the Packers from 2005-present: winning% .677Aaron Rodgers
89%
117-47-0 playing for the 49ers & Chiefs from 1979-1994: winning% .713Joe Montana
89%
101-59-0 playing for the Bills from 1986-1996: winning% .631Jim Kelly
87%
148-82-1 playing for the Broncos from 1983-1998: winning% .643John Elway
87%
107-51-0 playing for the Steelers from 1970-1983: winning% .677Terry Bradshaw
85%
94-49-0 playing for the Buccaneers & 49ers from 1985-1999: winning% .657Steve Young
83%
104-53-1 playing for the Seahawks from 2012-present: winning% .661Russell Wilson
81%
85-29-0 playing for the Cowboys from 1969-1979: winning% .746Roger Staubach
75%
57-13-1 playing for the Browns from 1950-1955: winning% .814Otto Graham
72%
118-63-4 playing for the Colts and Chargers from 1956-1973: winning% .652Johnny Unitas
68%
96-49-1 playing for the Raiders, Oilers, & Saints from 1970-1984: winning% .661Ken Stabler
57%
67-30-0 playing for the Bears, Chargers, Eagles, Vikings, Cardinals, & Packers from 1982-1996: winning% .691Jim McMahon
49%
62-30-0 playing for the Cowboys from 1976-1988: winning% .674Danny White
40%
66-16-6 playing for the Bills & Raiders from 1963-1974: winning% ..801Daryle Lamonica
26%
63-36-3 playing for the 49ers, Steelers, Lions, Giants, Colts, & Dolphins from 1956-1976: winning% .636Earl Morrall
25%
65-37-3 playing for the Steelers, Chargers, & Bills from 1957-1969: winning% .637Jack Kemp
23%
57-27-3 playing for the Rams, Browns, and Washington from 1958-1970: winning% .667Frank Ryan
9%

Score Distribution

Percentile by Number Answered

Percent of People with Each Score

Your Score History

You have not taken this quiz